Т. 73, вып. 1; Прикладная математика и механика

Detalles Bibliográficos
Parent link:Прикладная математика и механика: научный журнал/ Российская академия наук (РАН). Т. 73, вып. 1.— , 1937-1988, 1990-.— 0032-8235
Lenguaje:ruso
Publicado: 2009
Formato: Libro
KOHA link:https://koha.lib.tpu.ru/cgi-bin/koha/opac-detail.pl?biblionumber=414582

MARC

LEADER 00000nam2a2200000 4500
001 414582
005 20231101072216.0
035 |a (RuTPU)RU\TPU\prd\70466 
090 |a 414582 
100 |a 20091006a20099999k y0rusy50 ca 
101 0 |a rus 
102 |a RU 
200 0 |a Т. 73, вып. 1 
210 |d 2009 
461 1 |0 (RuTPU)RU\TPU\prd\1688  |x 0032-8235  |t Прикладная математика и механика  |o научный журнал  |f Российская академия наук (РАН)  |v Т. 73, вып. 1  |d 1937-1988, 1990- 
801 0 |a RU  |b 63413507  |c 20010227  |g PSBO 
801 1 |a RU  |b 63413507  |c 20091006 
801 2 |a RU  |b 63413507  |c 20201127  |g RCR 
942 |c BK 
999 |a НТБ_ТПУ  |b НФ  |e -1/20090110  |p П-5339  |s 4/20080911  |u 1121,41  |v 1